000 00533nam a22001817a 4500
005 20251108164709.0
008 250721s1994 xx 000 0 ara d
082 1 4 _a801/عيد
100 1 _aعيد، يوسف
245 1 0 _aالمدارس الأدبية و مذاهبها :
_bالقسم التطبيقي 2 /
264 1 _aبيروت :
_bدار الفكر اللبناني،
_c1994.
300 _a384ص.
650 1 7 _aالأدب
650 1 7 _aالفلسفة
650 1 7 _aالنظريات
942 _2ddc
_cBK
999 _c12107
_d12107